=LDR 00000nam 2200000 4500 =001 INLIS000000000035850 =005 20130612141657 =008 ***********************************Ind** =035 ##$$0010-061300000035850 =041 ##$$a Ind =082 ##$$a 658.001 =100 ##$$a Ali, Prof.Faried =245 ##$$a Filsafat Administrasi =260 ##$$a 2004 $b Jakarta =300 ##$$a 225 hlm, ilus, 22 cm =850 ##$$a NBPNMAT =990 ##$$a 00084664